000
00336nam a2200133Ia 4500
008
231017s9999 xx 000 0 und d
082
_a
625.7
082
_b
BES
245
0
_a
Best management practices for highway maintenance activities
245
0
_c
British Columbia
260
_b
British Columbia
300
_c
30cm
942
_c
REP
999
_c
606012
_d
606012